000 00923cam a2200289 i 4500
999 _c1751
_d1751
001 3163462
003 OSt
005 20210630061422.0
008 770517s1977 maua b 001 0 eng
010 _a 75041566
020 _a0316150096
040 _aDLC
_cDLC
_dDLC
050 0 0 _aRC86.7
_b.M4 1977
082 0 0 _a616/.025
245 0 0 _aMedical emergencies :
_bdiagnostic and management procedures from Boston City Hospital /
_cedited by Alan S. Cohen, Ralph B. Freidin, Martin A. Samuels.
250 _a1st ed.
260 _aBoston :
_bLittle, Brown,
_cc1977.
300 _axii, 279 p. :
_bill. ;
_c24 cm.
504 _aIncludes bibliographical references and index.
650 0 _aEmergency medicine.
700 1 _aCohen, Alan S.
700 1 _aFreidin, Ralph B.
700 1 _aSamuels, Martin A.
710 2 _aBoston City Hospital.
906 _a7
_bcbc
_corignew
_d2
_eocip
_f19
_gy-gencatlg
942 _2lcc
_cBK
_nJE